AMERICA IN PROPHECY (Record no. 31664)

MARC details
000 -LEADER
fixed length control field 00277nam a22001337a 4500
003 - CONTROL NUMBER IDENTIFIER
control field SGT
020 ## - INTERNATIONAL STANDARD BOOK NUMBER
International Standard Book Number 0916547043
082 ## - DEWEY DECIMAL CLASSIFICATION NUMBER
Classification number 080
Item number A88W
100 ## - MAIN ENTRY--PERSONAL NAME
Personal name WHITE, E.G.
245 ## - TITLE STATEMENT
Title AMERICA IN PROPHECY
260 ## - PUBLICATION, DISTRIBUTION, ETC. (IMPRINT)
Name of publisher, distributor, etc INSPIRATION BOOKS EAST
Year of Publication 1988
300 ## - PAGE DESCRIPTION
No. of Pages 649
942 ## - ADDED ENTRY ELEMENTS (KOHA)
Source of classification or shelving scheme Dewey Decimal Classification
Koha item type Books
Holdings
Withdrawn status Lost status Source of classification or shelving scheme Damaged status Not for loan Home library Current library Shelving location Date acquired SGTU Total Checkouts Full call number Accession No. (Barcode) Date last seen Bill Date Koha item type
    Dewey Decimal Classification   Not For Loan SGT Chancellor's Library SGT Chancellor's Library Reference Book 01/07/2025 SGTU   080 A88W CH3641 01/07/2025 01/07/2025 Books